| 000 | 00504cam a2200181ua 4500 | ||
|---|---|---|---|
| 001 | 746 | ||
| 008 | 110419n ii |||gr||||Z||||||eng | ||
| 040 | _cMAIN | ||
| 082 | _a320.5 | ||
| 245 | 1 |
_aHistory of western political science : _bPlato to Burke / _cby H.R. Mukhi. |
|
| 250 | _a10th. | ||
| 260 |
_aDelhi: _bSBD publishers distributors,997. |
||
| 300 |
_a114p.: _c30cm. |
||
| 653 | _aPolitical science | ||
| 653 | _aHistory of westrn political science | ||
| 700 |
_aMukhi, H.R., _eAuthor. |
||
| 942 | _cBK | ||
| 999 |
_c673 _d673 |
||